Personnages de Genshin Impact par Ulti - Statistiques

Statistiques générales
  • Ce quiz a été pris 186 fois
    69 depuis la dernière actualisation
  • Le résultat moyen est 12 sur 20
Statistiques - réponses
Déchainement élémentaire Personnage % Correct
[...] guide le parfum rassemblé dans le flacon pour le convertir en énergie Dendro pure, créant ainsi un flacon de Lumidouce de niveau 3 et rangeant tout flacon présent. Émilie
100%
[...] invoque la protection des vents pour générer un champ de pissenlits tournoyant qui repousse les ennemis proches, tout en leur infligeant des DGT Anémo. En même temps, tous les personnages sont soignés considérablement, la quantité de PV restaurés étant proportionnelle à l'ATQ de [...]. Jean
100%
Déclenche la technique ultime de Garyuu, une coupure unique semblable à une tempête grondante qui inflige des DGT Anémo de zone. Le trajet de la lame laissera derrière lui un champ appelé « Vent d'automne » qui inflige des DGT Anémo de façon intermittente aux ennemis à l'intérieur. Kaedehara Kazuha
100%
Libère une sphère de rêve céleste qui tire de façon continue des rayons de lumière stellaire sur les ennemis à portée, infligeant des DGT Cryo. Lorsqu'un rayon de lumière stellaire touche un ennemi, il génère 1 étoile vespérale pour les rideaux de sommeil à proximité. Chaque rideau de sommeil peut obtenir 1 étoile vespérale toutes les 0,5 s de cette manière. Layla
100%
Permet aux voix intérieures du peuple d'atteindre le trône divin dans les cieux. Le déchaînement élémentaire de [...] ne se repose pas sur l'énergie élémentaire, mais sur la ferveur guerrière. Mavuika
100%
Le loup de tonnerre qui sommeille se réveille et vient à la rescousse, infligeant des DGT Électro aux ennemis proches. Ceci supprime également tous les sceaux Électro, qui sont convertis en énergie élémentaire. Le loup de tonnerre combat aux côtés de [...] tant qu'il est actif. Razor
100%
Invoque des « alliés » du ciel étoilé et de la vaste terre, déclenchant une tempête glaciale en avant qui inflige des DGT Cryo de zone infusés de noctâme, accordant des points de noctâme à [...] et invoquant un crâne possédé à proximité de chaque ennemi à portée, avec un maximum de 3 crânes possédés invoqués. Les crânes possédés explosent après un certain temps afin d'infliger des DGT Cryo de zone infusés de noctâme et d'accorder des points de noctâme à [...]. Citlali
88%
Libérant sa colère brûlante et jetant sa lame sur le côté comme s'il s'agissait d'un fardeau, [...] entre dans l'état Lionne flamboyante et augmente sa RÉS à l'interruption. Dehya
88%
Répondant à l'appel de [...], Oz vient protéger sa maîtresse de ses ailes tel un voile nocturne. Fischl
86%
Manifeste la cour des rêves et déploie le sanctuaire de Maya. Nahida
86%
[...] officie pour une prière pas comme les autres. Après avoir exécuté une attaque circulaire balayant les ennemis à proximité, [...] invoque une lance de glace qui frappe le sol. Les deux actions infligent des DGT Cryo. Tant que la lance de glace est active, elle émet de façon intermittente des ondes de froid, qui infligent des DGT Cryo aux ennemis proches. Rosalia
86%
La puissance de Watatsumi se manifeste, infligeant des DGT Hydro aux ennemis proches, avant d'entourer [...] d'une parure cérémoniale faite des eaux vives de [...]. Sangonomiya Kokomi
86%
Affichant sa bravoure de général, [...] inflige des DGT Géo de zone et crée un champ de prestige de général pour enhardir ses compagnons. Gorou
83%
Libère la puissance de Sa Majesté saurienne suprême Ajaw (sur une base limitée, conditionnelle, restreinte, contractuelle, partielle, temporaire), infligeant des DGT Dendro de zone infusés de noctâme. Ajaw déclenche son souffle de dragon de façon régulière, infligeant des DGT Dendro de zone infusés de noctâme. Kinich
83%
[...] s'enflamme ! Invoque une Fleur bombardier qui harcèle les ennemis proches, infligeant des DGT Pyro de zone. Klee
83%
[...] déchaîne une vague de rupture qui inflige des DGT Hydro de zone selon ses PV max. Après un court délai, 2 cascades sont invoquées pour infliger des DGT Hydro sur une petite zone et générer 6 gouttes d'eau de source en avant. Neuvillette
83%
[...] fait tournoyer plusieurs jades précieux à tête chercheuse autour d'elle, qu'elle relâche tous en même temps, infligeant ainsi d'importants DGT Géo. Si le paravent d'astrolabe est actif lorsque cette attaque est exécutée, il l'accompagne de tirs de jade supplémentaires. Ningguang
83%
[...] jette une concoction instable qui libère un Esprit du vent de grande taille. L'Esprit attire les ennemis et les objets proches à lui, projetant les ennemis dans les airs et leur infligeant des DGT Anémo. Sucrose
83%
Tire une pluie de flèches qui inflige des DGT Pyro continus. Amber
80%
[...] lance un cocktail gelé de sa fabrication, infligeant des DGT Cryo de zone, et génère un champ de vapeur d'alcool. Diona
80%
Tire un super missile de Requinou qui peut suivre les ennemis, infligeant des DGT Hydro de zone infusés de noctâme selon les PV max de [...]. Mualani
80%
Sur ordre de la présidente de la Spina di Rosula, un magnifique salut de rose d'or est déclenché : un massif bombardement de canon est alors exécuté sur les ennemis en face, ce qui inflige des DGT Géo de zone avant de déclencher un feu d'appui de canon infligeant des DGT Géo aux ennemis proches de façon intermittente pendant un moment. Lorsqu'une attaque de canon touche un ennemi, [...] obtient 1 shrapnel cristallin. Cet effet peut être déclenché une fois toutes les 2,4 s. Navia
80%
[...] sort une seringue spécialement conçue dans la Forteresse de Méropide pour attaquer la zone en face d'elle avec des vagues de gentillesse et de médicaments, infligeant des DGT Hydro de zone de façon continue selon ses PV max. De plus, utiliser cette capacité permet à [...] d'absorber jusqu'à 2 gouttes d'eau de source à portée. Sigewinne
80%
[...] tire une flèche porteuse de la puissance de mille vents et de l'Œil de la tempête. Ce dernier attire les ennemis en son centre, et inflige des DGT Anémo continus. Venti
80%
La légende du « kitsunetsuki », ou la possession par un Kitsune, est l'un des contes populaires d'Inazuma. Parmi eux, celui du Kitsune céleste est considéré comme spécial, accablant les ennemis du Sanctuaire de Narukami sous la forme d'un éclair qui s'abat, infligeant des DGT Électro de zone. Yae Miko
79%
Envoie un colis spécial en livraison recommandée aux brigands qui doivent être punis, infligeant des DGT Dendro de zone. Lorsque le colis spécial explose, il se divise en plusieurs noix de cataire qui explosent au contact d'un ennemi ou après un certain temps pour infliger des DGT Dendro de zone. Kirara
78%
[...] érupte en une explosion de flammes qui repoussent les ennemis et leur infligent des DGT Pyro. Les flammes convergent ensuite sur son arme, pour renaître en un phénix qui inflige d'importants DGT Pyro et repousse les ennemis sur sa route. Le phénix explose lorsqu'il atteint sa destination et inflige d'importants DGT Pyro de zone. Les flammes confèrent à l'arme de [...] un enchantement Pyro. Diluc
75%
Une autre technique spéciale des ninjas de l'École Yoohoo, qui fait appel à une invocation pour venir en aide à [...]. Inflige des DGT Anémo aux ennemis proches, et soigne tous les personnages de l'équipe proches d'une quantité de PV proportionnelle à l'ATQ de [...]. Invoque également un Daruma Muji-muji. Sayu
75%
En utilisant le déchaînement élémentaire, inflige des DGT Pyro de zone infusés de noctâme aux ennemis en face, et accorde des points de noctâme au [...] toutes les secondes pendant un certain temps. Voyageur·se Pyro
75%
Inflige des DGT Hydro de zone et crée un dé exquis pour aider en combat. Yelan
75%
Dégainant deux lames de leur fourreau, [...] tranche avec le talent de découpe d'une tailleuse experte, infligeant des DGT Géo de zone selon son ATQ et sa DÉF. Chiori
73%
Il est temps de montrer la puissance du gang [...] ! [...] laisse émerger son roi oni courroucé intérieur pendant un certain temps, utilisant son kanabo de Roi oni au combat. Arataki Itto
71%
[...] déploie rapidement un polyèdre éblouissant qui libère une impulsion de tourbillon et inflige des DGT Anémo de zone. Pendant sa durée, le polyèdre éblouissant bouge de façon continue en suivant une trajectoire en triangle, libérant une impulsion de tourbillon à chaque fois qu'il arrive à une des pointes. Faruzan
71%
La « force » de [...] permet à son piétinement de fracturer la terre, infligeant des DGT Électro de zone infusés de noctâme avant qu'elle ne sorte sa jauge d'énergie cinétique en édition limitée dédiée à la musculation. Après utilisation, [...] obtient 15 pts de noctâme et entre dans l'état Bénédiction noctâme. La bénédiction noctâme de [...] prend fin lorsque la jauge d'énergie cinétique quitte le champ de bataille. Iansan
71%
Libère complètement l'énergie de Mehrak et crée un carroyage de topographie, infligeant des DGT Dendro de zone aux ennemis à l'intérieur, faisant éclater immédiatement tous les noyaux Dendro dans la zone d'effet et renforçant les capacités de combat de [...] pendant un certain temps. Kaveh
71%
Concentre la puissance de toutes les graines pour tirer 6 flèches de liane qui poursuivent les ennemis pour infliger des DGT Dendro. En touchant, les flèches de liane génèrent une seconde vague de flèches de liane qui poursuivent également les ennemis proches pour infliger des DGT Dendro en touchant. Tighnari
71%
[...] revêt le Masque du Yaksha, qui, il y a bien longtemps, fit trembler dieux et démons. Xiao
71%
Grattant son instrument avec passion, [...] libère une vague d'ondes qui repoussent les ennemis, et infligent aux ennemis proches des DGT physiques, au plus grand plaisir du public. L'ambiance se réchauffe tellement que des explosions ont lieu, infligeant aux ennemis proches des DGT Pyro. Xinyan
71%
[...] passe en posture de wushou, s'appliquant l'élément Pyro temporairement et récupérant une certaine quantité de ses PV, et invoque son compagnon, le suanni Man Chai, pour qu'il écrase les cibles et inflige des DGT Pyro de zone. Gaming
70%
Le déchaînement élémentaire de [...] ne se repose pas sur l'énergie élémentaire, mais sur la finesse serpentine. Lorsque [...] a au moins 50 pts de finesse serpentine, elle peut la consommer entièrement pour déclencher son déchaînement élémentaire : elle déchire l'espace devant elle et effectue de rapides entailles consécutives pour infliger des DGT Cryo de zone, DGT qui augmentent selon la quantité de finesse serpentine dépassant ce seuil de 50 pts, un maximum de 12 pts pouvant être pris en compte. Skirk
70%
[...] déploie les grandes ailes du feu lunatique, absorbant et annulant les dettes sanguinaires à portée et infligeant des DGT Pyro de zone, avant d'annuler le TdR de la compétence élémentaire « Pulvérisation totale » et de restaurer ses PV d'une valeur dépendant de son engagement vital et de son ATQ. Arlecchino
67%
[...] envoie un sédatif thérapeutique sur un ennemi (temporairement agressif). Le sédatif explose à l'impact, créant un champ de vent restrictif qui attire les éléments et ennemis proches tout en infligeant des DGT Anémo de zone infusés de noctâme. En touchant un ennemi affecté par l'élément Hydro, Pyro, Cryo ou Électro, le sédatif thérapeutique applique à ce dernier une marque de sédation. Ifa
67%
Birgitta, l'unité d'assistance intelligente polyvalente, utilise un poing-fusée pour éradiquer rapidement les ennemis ! [...] éjecte Birgitta, infligeant des DGT Électro de zone et lui permettant de rester sur le terrain. Ineffa
67%
Espérant que les souhaits de tous les êtres deviennent comme le clair de lune qui baigne la terre, [...] entonne un chant sacré du grand nord, obtenant 18 cumuls d'hymne pâle. De plus, lorsque [...] utilise son déchaînement élémentaire alors qu'elle possède des cumuls de chant lunaire ou en obtient moins de 15 s après l'utilisation de son déchaînement élémentaire, elle consomme tous ses cumuls de chant lunaire et obtient 6 cumuls d'hymne pâle par cumul de chant lunaire consommé. Cet effet peut être déclenché une fois pendant les 15 s qui suivent l'utilisation d'un déchaînement élémentaire. Lauma
67%
Concentrant le pouvoir de la roche sur son arme, [...] exécute une puissante attaque circulaire qui inflige des DGT Géo aux ennemis proches. Noëlle
67%
[...] fait tomber des cieux un gigantesque météore, infligeant d'importants DGT Géo à l'impact et pétrifie les ennemis. Zhongli
67%
[...] brandit son épée avec fureur, infligeant des DGT Cryo aux ennemis proches, et crée une épée de lumière qui la suit pendant 7 s maximum. Eula
64%
[...] lève sa cape en hauteur pour infliger des DGT Anémo de zone et utilise un tour de passe-passe pour faire apparaître une boîte minestyque géante ! Lynette
64%
Éveille l'envie de se délecter, créant une scène d'écume qui inflige des DGT Hydro de zone selon les PV max de [...] et accorde l'état Réjouissance universelle aux personnages de l'équipe à proximité : pendant sa durée, lorsque les PV actuels d'un personnage augmentent ou diminuent, [...] obtient 1 pt de fanfare à chaque fois que le personnage obtient ou perd des PV d'une valeur équivalant à 1 % de ses PV max. Furina
63%
[...] adopte une posture magnifique pour libérer un tourbillon givré qui avance sans s'arrêter. Kamisato Ayaka
63%
[...] déploie une formation d'hirondelle lunaire, attirant les objets et ennemis proches et infligeant plusieurs fois des DGT Anémo de zone. Lan Yan
63%
[...] invoque des vagues chatoyantes pour créer un reflet du ciel étoilé, infligeant l'état Bulle nocturne aux ennemis dans un large rayon. Mona
63%
Démontrant à nouveau sa maîtrise du feu et des armes, [...] libère une tornade de feu qui tournoie autour d'elle. La tornade suit le personnage tant qu'elle est active, infligeant des DGT Pyro aux ennemis sur sa route. Xiangling
63%
[...] fait appel à un déluge d'épées et combat avec une lame arc-en-ciel, tout en s'entourant du nombre maximum d'épées de pluie. Xingqiu
63%
Se remémorant son combat contre Haishan, la bête géante, [...] fait appel à la même force destructrice, et crée un bouclier de foudre qui inflige des DGT Électro aux ennemis proches. Beidou
60%
[...] tire une grenade explosive sur les ennemis avec son mousquet pour infliger des DGT Pyro de zone. Lorsque la grenade a touché, elle se divise en plusieurs obus explosifs secondaires. Ces obus explosent après un court intervalle pour infliger des DGT Pyro aux ennemis proches. Chevreuse
60%
Invoque le divin avec ferveur et chant, infligeant des DGT Hydro de zone aux ennemis proches, accordant à vos personnages dans l'équipe l'effet Faveur favonienne et invoquant un bouclier de faveur sacrée. L'absorption de DGT du bouclier de faveur sacrée est basée sur les PV max de [...] et ce dernier absorbe les DGT Hydro 250 % plus efficacement. Dahlia
60%
Invoque une rose de foudre qui libère une puissante énergie électrique repoussant les ennemis proches et leur infligeant des DGT Électro. La rose de foudre envoie des décharges électriques qui infligent des DGT Électro aux ennemis proches tant qu'elle est active. Lisa
60%
Commence la danse des rêves éloignés et des sources à l'écoute, faisant ainsi fleurir un lotus des eaux lointaines infligeant des DGT Hydro de zone selon les PV max de [...] et affligeant l'effet Éon persistant aux ennemis touchés. Après un court délai, les ennemis affectés par Éon persistant subissent des DGT Hydro. Nilou
60%
[...] accomplit un ancien rituel pour infliger des DGT Électro de zone infusés de noctâme et invoquer un spiroculus sonique. Ororon
60%
Exactement comme tous ces héros que l'on voit dans les rouleaux tissés pour enfants, [...] bondit dans les airs et utilise l'élan de sa chute pour déclencher un puissant coup de pied volant, infligeant des DGT Électro de zone infusés de noctâme. Après utilisation, [...] restaure ses points de noctâme jusqu'à la limite et déclenche sa passion ardente. Pendant sa passion ardente, le déchaînement élémentaire de [...] inflige davantage de DGT Électro de zone infusés de noctâme aux ennemis. De plus, [...] active brièvement l'état Transmission extrême après avoir utilisé une attaque plongeante pendant sa passion ardente. Varesa
60%
Invoque d'innombrables beaux rêves et cauchemars qui attirent les objets et les ennemis à proximité, inflige des DGT Anémo de zone et invoque un mini-Baku pour aider. Yumemizuki Mizuki
60%
Entre dans l'état Ordonnance impulsive, créant un bouclier aseptique qui absorbe les DGT Dendro 250 % plus efficacement. Pendant cet état, un nouveau bouclier aseptique est généré toutes les 2,5 s. Baizhu
58%
Faisant appel aux âmes ardentes, [...] inflige des DGT Pyro dans une large zone. [...] récupère à chaque ennemi touché (5 ennemis maximum) une quantité de PV proportionnelle à ses PV max. Les DGT infligés et les PV récupérés sont plus importants si les PV de [...] sont inférieurs ou égaux à 50 % lorsque la compétence touche. Hu Tao
57%
[...] frappe le sol, infligeant des DGT Géo de zone selon sa DÉF et créant un super champ de forage. Ce champ augmente la portée d'attaque de Virevolturbo, ainsi que sa VIT de déplacement lorsque [...] le chevauche. Si un Virevolturbo de [...] est présent lors de l'utilisation, il est invoqué à côté d'elle. Kachina
57%
Dépose un Tengu Juurai : Brise-titan à l'emplacement de l'ennemi, infligeant des DGT Électro de zone. Puis ce Tengu Juurai : Brise-titan se divise en 4 Tengu Juurai : Tempête de pierres consécutifs, infligeant des DGT Électro de zone. Kujou Sara
57%
Enfonce une lame d'adjuration dans le sol pour créer une barrière qui purifie la zone de tout ce qui est malsain, infligeant de façon continue des DGT Électro aux ennemis à l'intérieur selon les PV max de [...]. Si les PV de [...] sont inférieurs ou égaux à 50 % lors de l'utilisation de cette compétence, la barrière dure plus longtemps. Kuki Shinobu
57%
Compresse l'atmosphère en une faille capable de mettre fin à tous les soucis, infligeant plusieurs fois des DGT Anémo de zone. Si le personnage est dans l'état Bienfait venteux accordé par « Hanega : Lyrisme des vents », l'état prend fin après l'utilisation de cette compétence. Nomade
57%
[...] déclenche un rituel secret pour entrer dans l'état Méditation crépusculaire, ce qui convertit ses attaques normales pour lui permettre de tirer des carreaux crépusculaires pouvant transpercer les ennemis : inflige des DGT Électro, qui augmentent selon la maîtrise élémentaire de [...], aux ennemis en chemin. Sethos
57%
Tire rapidement devant lui une flèche gorgée de magie Hydro, infligeant des DGT Hydro de zone, ainsi que l'effet Contre-courant, aux ennemis en face. (ou) Exécute une large entaille circulaire, qui inflige d'importants DGT Hydro à tous les ennemis proches et peut générer l'effet Torrent. Tartaglia
57%
Activant ses gants de boxe, [...] déclenche un coup droit condensé de givre, puis utilise un impact de stalactite vers l'avant pour infliger plusieurs fois des DGT Cryo de zone. Wriothesley
57%
Active la platine de mixage au phlogistique (version portable) à pleine puissance pour infliger des DGT Géo de zone infusés de noctâme selon la DÉF de [...]. Xilonen
57%
[...] s'élance dans les airs avec sa création originale, le « Saxifrage Ryuukin » et tire des roquettes flamboyantes pleines de surprises, qui infligent des DGT Pyro de zone, et marquent un ennemi d'une « Flamme Ryuukin ». Yoimiya
57%
[...] exécute une attaque sautée qui inflige des DGT Pyro et génère un champ vertueux. Bennett
56%
[...] concentre sa volonté et tire une seule cartouche brisâme de vent qui inflige des DGT Anémo de zone infusés de noctâme avant de se séparer en 6 cartouches brisâmes attaquant les ennemis proches. Chasca
56%
[...] libère la véritable puissance de sa lanterne, infligeant des DGT Électro de zone puis, après un bref délai, 3 fois des DGT Électro de zone considérés comme des DGT de réaction de Sélénocution (2 phases intermédiaires et 1 phase finale). Flins
56%
[...] libère le pouvoir d'Adepte scellé en elle et marque les ennemis proches d'un talisman de fortune qui leur inflige des DGT Cryo. Qiqi
56%
S'élance dans les airs et utilise la bombe du vide du style Fudou pour donner un coup de pied à son ennemi. La bombe du vide explose à l'impact et crée ensuite un tunnel de vent qui attire les objets et les ennemis à proximité, infligeant des DGT Anémo de zone. Shikanoin Heizou
55%
[...] s'accorde un engagement vital selon ses PV max avant de zigzaguer rapidement et de frapper avec sa lame et son mousquet en même temps, infligeant des DGT Électro de zone. Clorinde
50%
Le fidèle Cuilein-Anbar arrive pour apporter son aide ! Lance une poupée nommée Cuilein-Anbar, provoquant une explosion qui inflige des DGT Dendro de zone tout en créant un territoire de Cuilein-Anbar. Cuilein-Anbar bondira alors sans cesse dans son territoire, infligeant des DGT Dendro de zone. Collei
50%
[...] condense les particules dans l'air pour invoquer 3 stalactites tournoyantes. Les stalactites suivent le personnage, et infligent des DGT Cryo aux ennemis sur leur route. Kaeya
50%
[...] fait appel à la puissance de l'éclair, et inflige des DGT Électro de zone. Se fondant ensuite dans l'ombre de son épée, elle libère une série de coups tranchants rapides, infligeant aux ennemis proches des DGT Électro. Le coup final inflige d'importants DGT Électro de zone. Keqing
50%
Libérant sa magie, [...] se transforme en un félin chaponois qui peut se déplacer rapidement. Lyney
50%
Libère la puissance de l'esprit talismanique, lui permettant de se déplacer librement dans ce plan d'existence pour infliger des DGT Cryo de zone. L'esprit talismanique crée alors un champ qui diminue les RÉS Cryo et physique des ennemis, et inflige des DGT Cryo de façon continue aux ennemis à l'intérieur. Shenhe
50%
L'énergie Géo contenue dans le sol explose en émergeant sous les ordres de [...], infligeant des DGT Géo de zone devant lui. Lorsqu'une aura solaire générée par [...] est présente sur le champ de bataille, 7 germes fatals sont générés, qui fleurissent en explosant, infligeant des DGT Géo de zone. Albedo
44%
[...] fait tournoyer sa lance, tranchant ses ennemis avec des flammes rugissantes qui infligent des DGT Pyro de zone et se transforment en un o-yoroi embrasé. Thomas
44%
Rassemblant des vérités innombrables et des souhaits inquantifiables, [...] libère le Kendo d'idéal et inflige des DGT Électro de zone, avant d'utiliser l'Harmonie d'idéal au combat pendant un certain temps. Les DGT infligés par le Kendo d'idéal et ceux infligés par les attaques sous l'Harmonie d'idéal augmentent selon le nombre de cumuls de résolution de Chakra Desiderata consommés en utilisant l'aptitude. Shogun Raiden
43%
[...] lance une batterie Cryo dans la direction ciblée, puis la fait exploser avec une flèche, infligeant des DGT Cryo de zone. Aloy
42%
En condensant de la glace pour créer l'emblème de L'Oiseau de vapeur, [...] crée un champ de flash info qui inflige des DGT Cryo de zone et restaure les PV de tous les personnages de l'équipe à proximité selon son ATQ. Charlotte
40%
D'un geste rapide, [...] invoque en l'air 3 lames éthérées qui foncent au sol après un court délai. L'impact inflige des DGT Cryo de zone et projette les ennemis en l'air. Chongyun
40%
Invoque une explosion de flammes intenses qui jaillit vers les ennemis proches, infligeant des DGT Pyro de zone et conférant à [...] le nombre maximum de sceaux écarlates, tout en appliquant l'effet Brillance. Yanfei
40%
Invoque le djinn à l'intérieur de la lampe pour accorder au client divers types d'aide. Dori
38%
Faisant preuve de compétences exceptionnelles en matière de couteau, [...] inflige des DGT Cryo de zone et restaure les PV de tous les personnages de l'équipe à proximité selon son ATQ. Escoffier
38%
Crée un champ de liaison particulier qui inflige plusieurs fois des DGT Dendro de zone. Si des miroirs de diffraction sont présents lors de l'utilisation de cette capacité, ils sont tous consommés pour augmenter le nombre de fois où des DGT sont infligés. 2 s après l'utilisation de cette capacité, si 0/1/2/3 miroirs de diffraction ont été consommés, [...] obtient respectivement 3/2/1/0 miroirs de diffraction. Alhaitham
33%
Restaure considérablement les PV des alliés et de vos personnages dans l'équipe, la quantité de PV restaurés étant proportionnelle aux PV max de [...]. Barbara
33%
Invoque un esprit divin pour le posséder, se transformant en éclaireur sermenté. Cyno
33%
Condensant les particules présentes dans l'air, [...] invoque une perle de glace magique qui exorcise les démons. Tant qu'elle est active, la perle libère des éclats de glace de façon continue qui infligent des DGT Cryo aux ennemis dans la zone. Ganyu
33%
Dévoile un jardin de pureté qui étouffe toute cacophonie en son sein. Tant que cet espace existe, des lames de rosée pleuvent de façon continue pour attaquer les adversaires dans la zone, leur infligeant des DGT Hydro et augmentant les DGT des attaques normales des personnages à l'intérieur. Kamisato Ayato
33%
Réveille les éléments Géo qu'abritent les profondeurs de la terre, provoquant une vague d'ondes de choc. Repousse les ennemis proches et inflige des DGT Géo de zone. Un mur de roche s'érige ensuite autour des ondes de choc. Le mur de roche est une construction Géo qui bloque les attaques et peut être escaladé. Voyageur·se Géo
33%
Déclenche une brise sacrée qui inflige des DGT Anémo de zone, restaure les PV de tous les personnages de l'équipe à proximité selon l'ATQ de [...] et invoque le mécanisme « Étoileur d'osier ». Xianyun
33%
Libère une vague de froid impalpable, infligeant des DGT Cryo de zone, réinitialisant le TdR de la compétence élémentaire « Pressurisation des floes » et faisant passer [...] en mode traque pendant 10 s. Fréminet
29%
Trouve la force d'encourager ses coéquipiers à partir des prières de l'Ordre de Favonius, restaurant les PV de tous les personnages de l'équipe à proximité selon les PV max de [...] et leur accordant l'état Plume d'alérion. Mika
22%
Libère une bulle flottante lente qui inflige de façon continue des DGT Hydro aux ennemis proches. Voyageur·se Hydro
14%
Inflige des DGT Géo de zone et accorde une formation de bannière de nuagerie à tous les personnages de l'équipe à proximité. Yun Jin
11%
[...] invoque une tornade qui attire les objets et les ennemis en avançant, et qui inflige des DGT Anémo continus. Voyageur·se Anémo
9%
[...] utilise son dispositif de pulvérisation d'eau personnalisé, le canardeur tranquille pour déployer une zone à refroidissement hydronique focalisée. Pendant sa durée, le canardeur tranquille tire des ballons d'eau de façon intermittente sur les ennemis proches, infligeant des DGT Hydro. Aino
0%
Brandissant son arme en l'air, [...] invoque une bénédiction divine qui inflige des DGT Hydro de zone selon ses PV max et confère l'état Prière de couronne cramoisie à votre personnage déployé. Candace
0%
En faisant appel à la puissance de la flore autour de [...], [...] crée un lotus lumineux. Ce dernier attaque les ennemis à portée de façon continue, infligeant des DGT Dendro. Voyageur·se Dendro
0%
[...] invoque la protection de la foudre, qui repousse les ennemis proches et leur inflige des DGT Électro. Voyageur·se Électro
0%
À la demande d'un certain Adepte, le plein potentiel des Yueguis peut être libéré en cas d'urgence, infligeant des DGT Dendro aux ennemis proches et faisant passer dans l'invincible (dans un certain sens) état Héritage adeptal. Yaoyao
0%
Aucun quiz correspondant
Distribution des résultats
% des personnes avec chaque résultat
Percentile par nombre de réponses
Votre historique - résultats
Vous n’avez pas pris ce quiz depuis la dernière actualisation